000
00316nam a22001457a 4500
008
210426b ||||| |||| 00| 0 eng d
020
_a
9780816639076
041
_a
eng
080
_a
32
082
_a
32
100
_a
20
101
_a
SHP
245
_a
Restructuring World Politics
_c
Khagram,S
942
_2
udc
_c
BK
999
_c
56777
_d
56777